000 00467nam a2200169Ia 4500
008 100917s9999 xx 000 0 und d
082 _b4101
100 _aटिळक लक्ष्मीबाई
245 _aस्मृतिचित्रे
260 _b---
_c1953
365 _b0
520 _aकथा
630 _aस्मृतिचित्रे
650 _aकथा
730 _aस्मृतिचित्रे
942 _cBOOK
999 _c609495
_d609492